| 000 | 00911nam a22002177a 4500 | ||
|---|---|---|---|
| 999 |
_c16265 _d16265 |
||
| 003 | AR-CdUCM | ||
| 008 | 190502b ||||| |||| 00| 0 spa d | ||
| 040 |
_aMUNICIPALIDAD PROVINCIAL DEL CUSCO _cBIBLIOTECA MUNICIPAL DEL CUSCO |
||
| 082 |
_a985.62 / _bG8 |
||
| 100 |
_aGuevara Velasco, Agustín _935541 |
||
| 245 |
_aApuntes sobre mi patria : _bvolumen del departamento de Puno / |
||
| 260 |
_aCusco : _bEdit. H. G. Rozas, _c1954. |
||
| 300 |
_a3 tomos ; _bFotografías, _c22 cm. |
||
| 505 | _aContenido: t.1. Provincias de Azángaro, Carabaya y Chucuito -- t.2. Provincias de Chucuito, Huancané, Lampa, Melgar y Puno -- t.3. Provincias de Azangaro, Carabaya, Chucuito, Huancane, Lampa... | ||
| 650 |
_aPuno _93897 |
||
| 650 |
_aCondiciones económicas _91989 |
||
| 650 |
_aCondiciones sociales _91132 |
||
| 700 |
_aGuevara, Víctor J. (prefacio) _935610 |
||
| 942 |
_2ddc _cLIBROS |
||
| 945 |
_adavv _d02/05/2019 |
||